| 000 | 00727nam a2200253 a 4500 | ||
|---|---|---|---|
| 001 | 58145 | ||
| 003 | BD-RjUL | ||
| 005 | 20211209080606.0 | ||
| 008 | 161217s1974 enk b 001 0 eng | ||
| 020 |
_a0198770480 _z0198770489 (pbk.) _cL.2.25 ($7.25 U.S.). |
||
| 020 | _a0198770489 | ||
| 035 | _a(BD-RjUL) 58269 | ||
| 035 | _a212176 | ||
| 040 |
_aLC _beng _cLC _dBD-RjUL |
||
| 041 | _aeng | ||
| 082 | 0 | 4 |
_a330.015195 _223 _bSUA 1974 |
| 100 | 1 |
_aSurrey, M. J. C. _9172714 |
|
| 245 | 1 | 3 |
_aAn introduction to econometrics / _cM. J. C. Surrey. |
| 260 |
_aOxford : _bClarendon Press, _c1974. |
||
| 300 |
_a71 p. ; _c24 cm. |
||
| 504 | _aIncludes bibliographies and index. | ||
| 650 | 0 |
_aEconometrics. _9172571 |
|
| 942 |
_2ddc _cBK |
||
| 999 |
_c58145 _d58145 |
||